00691nam a2200193Ia 4500003000900000008004100009040001600050080002500066245008100091260003600172300001400208650004100222650002700263700002900290700002700319942000700346999001500353952012900368IN-BaIIA211028s9999 xx 000 0 eng d cIIA Library a54:53(047.1)bACP-16 0aAdvances in chemical physicsbvol. 16cedited by I. Prigogine and S. A. Rice aLondonbJohn Wiley & Sonsc1969 aix, 419p. aAstronomy and Astrophysics Thesaurus aAstronomy-History9900 aPrigogine, I., ed.97360 aRice, S. A., ed.97361 cBK c4186d4186 00104070aBANbBANcGENd1973-04-19g171.00l0o54:53(047.1)/ ACP-16p4673r2021-11-05v171.00w1973-04-19yBKGRs. 171.00